000 00434nam a22001217a 4500
999 _c3884
_d3884
005 20210416115335.0
008 210416b ||||| |||| 00| 0 eng d
020 _a9789982670367
040 _cCML
245 _aHealth Education: Foundation Course For Trainee Teachers
_bAnd Trainee Health Workers Volume 3
_cKamweneshe M. Bernard
260 _aLusaka
_bMarvel Publishers
_c2016
942 _2ddc
_cBK
_e1st Edition
_h611
_mKAM